Statystyki dla Państwa byłego ZSRR - stolice

Kliknij tutaj aby rozwiązać quiz!

Ogólne statystyki

  • Ten quiz został rozwiązany 35 razy
  • Średni wynik to 10 z 16

Statystyki odpowiedzi

PaństwoStolica% Poprawnych
RosjaMoskwa
94%
PolskaWarszawa
94%
UkrainaKijów
88%
BiałoruśMińsk
88%
LitwaWilno
88%
EstoniaTallin
81%
AzerbejdżanBaku
75%
ŁotwaRyga
75%
MoładawiaKiszyniów
69%
GruzjaTbilisi
63%
KazachstanAstana
38%
KirgistanBiszkek
38%
ArmeniaErywań
38%
UzbekistanTaszkent
25%
TurkmenistanAszchabad
19%
TadżykistanDuszanbe
19%

Rozkład punktacji

Percentyl według liczby udzielonych odpowiedzi

Procent ludzi z każdym wynikiem

Twoja historia wyników

Nie rozwiązałeś tego quizu